History Quiz

Random History or Politics Quiz

Pick the First Ladies Quiz Stats

 Plays Quiz Updated Apr 17, 2018

Also try: First Ladies
Challenge
Share
Tweet
Score 0/6 Timer 02:00
0 Plays Today
% Correct
Nancy Reagan
92.1%
Barbara Bush
91.2%
Rosalynn Carter
75.8%
Lady Bird Johnson
73.6%
Pat Nixon
70.4%
Betty Ford
67%

You're not logged in!

Compare scores with friends on all Sporcle quizzes.
Join for Free
OR
Log In

You Might Also Like...

Show Comments

Extras

Top Quizzes Today


Score Distribution

Your Account Isn't Verified!

In order to create a playlist on Sporcle, you need to verify the email address you used during registration. Go to your Sporcle Settings to finish the process.

Report this User

Report this user for behavior that violates our Community Guidelines.

Details: